Community work : (Record no. 2066)
[ view plain ]
| 000 -LEADER | |
|---|---|
| fixed length control field | 00851nam a22002657a 4500 |
| 001 - CONTROL NUMBER | |
| control field | 2066 |
| 003 - CONTROL NUMBER IDENTIFIER | |
| rucl marc code | BD-RjUL |
| 005 - DATE AND TIME OF LATEST TRANSACTION | |
| control field | 20211208233457.0 |
| 008 - FIXED-LENGTH DATA ELEMENTS--GENERAL INFORMATION | |
| fixed length control field | 131210s1974 -uk 000 0 eng d |
| 020 ## - INTERNATIONAL STANDARD BOOK NUMBER | |
| International Standard Book Number | 0710077092 (c) |
| International Standard Book Number | 0710077416 (p) |
| 035 ## - SYSTEM CONTROL NUMBER | |
| System control number | (BD-RjUL)2093 |
| 040 ## - CATALOGING SOURCE | |
| Original cataloging agency | BD-RjUL |
| Language of cataloging | eng |
| Transcribing agency | BD-RjUL |
| 041 ## - LANGUAGE CODE | |
| Language code of text/sound track or separate title | eng |
| 082 ## - DEWEY DECIMAL CLASSIFICATION NUMBER | |
| Edition number | 21 |
| Classification number | 301.340973 |
| Author mark and year | COM |
| 245 ## - TITLE STATEMENT | |
| Title | Community work : |
| Remainder of title | one / |
| Statement of responsibility, etc. | [edited by] David Jones, Marjorie Mayo |
| 260 ## - PUBLICATION, DISTRIBUTION, ETC. (IMPRINT) | |
| Place of publication, distribution, etc. | London, |
| -- | Boston : |
| Name of publisher, distributor, etc. | Rouledge & Kegan Paul, |
| Date of publication, distribution, etc. | c1974. |
| 300 ## - PHYSICAL DESCRIPTION | |
| Pagination | xi, 277 p. ; |
| Size | 24 cm. |
| 650 #0 - SUBJECT ADDED ENTRY--TOPICAL TERM | |
| Topical term or geographic name as entry element | Communities. |
| 9 (RLIN) | 6765 |
| Topical term or geographic name as entry element | Social service |
| Geographic subdivision | Great Britain. |
| 9 (RLIN) | 6766 |
| 700 1# - ADDED ENTRY--PERSONAL NAME | |
| Personal name | Jones, David |
| Personal name | Mayo, Marjorie |
| 856 4# - ELECTRONIC LOCATION AND ACCESS | |
| Materials specified | WorldCat details. |
| Uniform Resource Identifier | <a href="http://www.worldcat.org/title/community-work-one/oclc/220412277&referer=brief_results">http://www.worldcat.org/title/community-work-one/oclc/220412277&referer=brief_results</a> |
| 942 ## - ADDED ENTRY ELEMENTS (KOHA) | |
| Source of classification or shelving scheme | Dewey Decimal Classification |
| Koha item type | Books |
| Lost status | Source of classification or shelving scheme | Damaged status | Not for loan | Collection code | Permanent Location | Current Location | Shelving location | Date acquired | Source of acquisition | Cost, normal purchase price | Total Checkouts | Full call number | Date last seen | Copy number | Koha item type |
|---|---|---|---|---|---|---|---|---|---|---|---|---|---|---|---|
| Dewey Decimal Classification | Not For Loan | Non-fiction | Central Library, University of Rajshahi | Central Library, University of Rajshahi | Reading Room | 26/07/1974 | Hoffer And Sons | 2.50 | 301.340973 COM 1974 | 10/12/2013 | C-1 | Books | |||
| Dewey Decimal Classification | Non-fiction | Central Library, University of Rajshahi | Central Library, University of Rajshahi | 26/07/1979 | Helfers | 2.50 | 301.340973 COM 1974 | 07/08/2016 | C-2 | Books |